000 00687nam a2200229 i 4500
001 19124
003 ES-MaACL
005 20230906152013.0
007 t|
008 020603s2001 sp |||| | spa d
020 _a84-98753-70-9
080 _a316.334.3
100 1 _aFernández Liria, Carlos.
_949874
245 1 0 _aGeometría y tragedia
_b: el uso público de la palabra en la sociedad moderna /
_cCarlos Fernández Liria.
260 _aHondarribia (Gipuzkoa) :
_bHiru,
_c[2001]
300 _a359 p. ;
_c17 cm.
490 1 _aPensar ;
_v2
650 0 4 _aSociología política.
_917215
830 0 _aPensar ;
_v2
_9187258
852 _aES-MaACL
_jL-25535
999 _c19124
_d19124